<?xml version="1.0" encoding="UTF-8"?>
<record
    xmlns:xsi="http://www.w3.org/2001/XMLSchema-instance"
    xsi:schemaLocation="http://www.loc.gov/MARC21/slim http://www.loc.gov/standards/marcxml/schema/MARC21slim.xsd"
    xmlns="http://www.loc.gov/MARC21/slim">

  <leader>01305cam a2200301u  4500</leader>
  <datafield tag="999" ind1=" " ind2=" ">
    <subfield code="c">358010</subfield>
    <subfield code="d">358010</subfield>
  </datafield>
  <controlfield tag="001">7412600</controlfield>
  <controlfield tag="003">IT-MiSPE</controlfield>
  <controlfield tag="005">20181112143308.0</controlfield>
  <controlfield tag="008">810710s1945    it            000 0 ita  </controlfield>
  <datafield tag="010" ind1=" " ind2=" ">
    <subfield code="a">   47027429 </subfield>
  </datafield>
  <datafield tag="020" ind1=" " ind2=" ">
    <subfield code="c">800 LIRE</subfield>
  </datafield>
  <datafield tag="040" ind1=" " ind2=" ">
    <subfield code="a">IT-MiSPE</subfield>
    <subfield code="c">IT-MiSPE</subfield>
    <subfield code="b">ita</subfield>
  </datafield>
  <datafield tag="041" ind1=" " ind2=" ">
    <subfield code="a">ita</subfield>
    <subfield code="h">ger</subfield>
  </datafield>
  <datafield tag="082" ind1=" " ind2=" ">
    <subfield code="a">833-MAN th bu (23194)</subfield>
  </datafield>
  <datafield tag="100" ind1="1" ind2=" ">
    <subfield code="a">Mann, Thomas,</subfield>
    <subfield code="c">Premio Nobel (1929)</subfield>
    <subfield code="d">1875-1955.</subfield>
    <subfield code="e">autore</subfield>
    <subfield code="9">57385</subfield>
  </datafield>
  <datafield tag="240" ind1="1" ind2="0">
    <subfield code="a">Buddenbrooks / Verfall einer Familie</subfield>
    <subfield code="l">ger</subfield>
  </datafield>
  <datafield tag="245" ind1="1" ind2="2">
    <subfield code="a">I Buddenbrook /</subfield>
    <subfield code="b">Decadenza di una famiglia</subfield>
  </datafield>
  <datafield tag="260" ind1=" " ind2=" ">
    <subfield code="a">Milano :</subfield>
    <subfield code="b">Mondadori,</subfield>
    <subfield code="c">1970 (2a edizione)</subfield>
  </datafield>
  <datafield tag="300" ind1=" " ind2=" ">
    <subfield code="a">xl, 600 p. ;</subfield>
    <subfield code="c">18,5 cm.</subfield>
  </datafield>
  <datafield tag="490" ind1=" " ind2=" ">
    <subfield code="a">Oscar Mondadori</subfield>
  </datafield>
  <datafield tag="500" ind1=" " ind2=" ">
    <subfield code="a">Con una cronologia della vita dell'Autore e dei suoi tempi, un'introduzione, una antologia critica e una bibliografia a cura di Roberto Fertonani</subfield>
  </datafield>
  <datafield tag="504" ind1=" " ind2=" ">
    <subfield code="a">Bibliografia (pp. xxxix-xl)</subfield>
  </datafield>
  <datafield tag="520" ind1=" " ind2=" ">
    <subfield code="a">Il romanzo di quattro generazioni: figure tragiche e solitarie, stravaganti e inquiete nel dramma della borghesia europea in declino. Prima opera narrativa di ampio respiro del giovane Thomas Mann (1901).</subfield>
  </datafield>
  <datafield tag="546" ind1=" " ind2=" ">
    <subfield code="a">Traduzione di Ervino Pocar</subfield>
  </datafield>
  <datafield tag="655" ind1=" " ind2=" ">
    <subfield code="a">Lingua e letteratura tedesca</subfield>
    <subfield code="x">Vari altri autori: opere originali e studi</subfield>
    <subfield code="9">57384</subfield>
  </datafield>
  <datafield tag="700" ind1="1" ind2=" ">
    <subfield code="a">Pocar, Ervino,</subfield>
    <subfield code="d">1892-1981,</subfield>
    <subfield code="e">tr.</subfield>
    <subfield code="9">57386</subfield>
  </datafield>
  <datafield tag="942" ind1=" " ind2=" ">
    <subfield code="2">ddc</subfield>
    <subfield code="c">BK</subfield>
  </datafield>
  <datafield tag="952" ind1=" " ind2=" ">
    <subfield code="0">0</subfield>
    <subfield code="1">0</subfield>
    <subfield code="2">ddc</subfield>
    <subfield code="4">0</subfield>
    <subfield code="6">833MAN_TH_BU_23194</subfield>
    <subfield code="7">1</subfield>
    <subfield code="a">CINISELLO</subfield>
    <subfield code="b">CINISELLO</subfield>
    <subfield code="d">2018-09-26</subfield>
    <subfield code="l">0</subfield>
    <subfield code="o">833-MAN th bu (23194)</subfield>
    <subfield code="r">2018-09-26 00:00:00</subfield>
    <subfield code="w">2018-09-26</subfield>
    <subfield code="y">BK</subfield>
  </datafield>
</record>
